A brief history of Western man
The book present a clear and concise view of the main course of Western history, focusing on the most significant human experiences.
Na minha lista:
| Autor principal: | |
|---|---|
| Formato: | Livro |
| Idioma: | Undetermined |
| Publicado em: |
New York
Harcourt, Brace & World
1968
|
| Assuntos: | |
| Tags: |
Adicionar Tag
Sem tags, seja o primeiro a adicionar uma tag!
|
| Thư viện lưu trữ: | Trung tâm Học liệu Trường Đại học Cần Thơ |
|---|
| LEADER | 00658nam a2200205Ia 4500 | ||
|---|---|---|---|
| 001 | CTU_140906 | ||
| 008 | 210402s9999 xx 000 0 und d | ||
| 020 | |c 12.95 | ||
| 082 | |a 910.03 | ||
| 082 | |b G816 | ||
| 100 | |a Greer, Thomas H. | ||
| 245 | 2 | |a A brief history of Western man | |
| 245 | 0 | |c Thomas H. Greer | |
| 260 | |a New York | ||
| 260 | |b Harcourt, Brace & World | ||
| 260 | |c 1968 | ||
| 520 | |a The book present a clear and concise view of the main course of Western history, focusing on the most significant human experiences. | ||
| 650 | |a Civilization, Western | ||
| 904 | |i Giang | ||
| 980 | |a Trung tâm Học liệu Trường Đại học Cần Thơ | ||